[Event "ROM-ch U14 Girls"]
[Site "Calimanesti"]
[Date "2015.04.05"]
[Round "8"]
[White "Uzuneanu, Gabriela"]
[Black "Mihailescu, Anna"]
[Result "1/2-1/2"]
[WhiteElo "1394"]
[BlackElo "1340"]
[PlyCount "150"]
[EventDate "2015.03.30"]
[EventType "swiss"]
[EventRounds "9"]
[EventCountry "ROU"]
[SourceTitle "CBM 165 Extra"]
[Source "ChessBase"]
[SourceDate "2015.04.21"]
[SourceVersion "1"]
[SourceVersionDate "2015.04.21"]
[SourceQuality "1"]

1. e4 e5 2. Nf3 Nc6 3. Bb5 d6 4. h3 Bd7 5. Nc3 Nf6 6. d4 exd4 7. Nxd4 h6 8. Nxc6 Bxc6 9. Bxc6+ bxc6 10. Bf4 Be7 11. Qd3 d5 12. Be5 Bb4 13. Qa6 Qd7 14. Qb7 Bxc3+ 15. Bxc3 0-0 16. Bxf6 gxf6 17. 0-0-0 Rfd8 18. Rd3 Qd6 19. Rhd1 a5 20. exd5 cxd5 21. Rxd5 Qe7 22. Rxd8+ Rxd8 23. Rxd8+ Qxd8 24. Qf3 Kg7 25. Qg3+ Kh8 26. Qh4 Kg7 27. Qg4+ Kh8 28. Qh5 Kg7 29. Qxa5 Qe8 30. Qd2 Qe6 31. a3 Qa2 32. Qc3 Qe6 33. Qe3 Qc6 34. Kd2 h5 35. Qf3 Qc5 36. Qg3+ Kh7 37. Qf4 Qb6 38. b4 Kg6 39. c4 Qa7 40. c5 Qb7 41. Qf3 Qa7 42. g4 hxg4 43. hxg4 Qa4 44. Qf5+ Kg7 45. Qd3 Qa7 46. f4 Qa8 47. Ke3 Qe8+ 48. Kf3 Qc6+ 49. Qe4 Qa4 50. Qe3 Qc6+ 51. Kg3 Qa8 52. b5 Qa5 53. b6 cxb6 54. cxb6 Qa8 55. Qf3 Qb8 56. Qc6 Qd8 57. Qb5 Qe7 58. b7 Qe3+ 59. Kg2 Qd2+ 60. Kf3 Qd1+ 61. Ke4 Qc2+ 62. Kd5 Qd2+ 63. Kc6 Qc3+ 64. Kd7 Qd4+ 65. Kc8 Qc3+ 66. Kd7 Qd4+ 67. Kc6 Qe4+ 68. Kb6 Qe3+ 69. Ka6 Qxa3+ 70. Qa5 Qd6+ 71. Ka7 Qd4+ 72. Ka8 Qe4 73. g5 fxg5 74. Qxg5+ Kf8 75. Qe5 Qf3 1/2-1/2

[Event "ROM-ch U14 Girls"]
[Site "Calimanesti"]
[Date "2015.04.03"]
[Round "6"]
[White "Mihailescu, Anna"]
[Black "Stan, Andreea"]
[Result "1-0"]
[WhiteElo "1340"]
[BlackElo "1329"]
[PlyCount "70"]
[EventDate "2015.03.30"]
[EventType "swiss"]
[EventRounds "9"]
[EventCountry "ROU"]
[SourceTitle "CBM 165 Extra"]
[Source "ChessBase"]
[SourceDate "2015.04.21"]
[SourceVersion "1"]
[SourceVersionDate "2015.04.21"]
[SourceQuality "1"]

1. e4 e5 2. Nf3 Nc6 3. Bc4 Bc5 4. Nc3 d6 5. h3 Nf6 6. d3 h6 7. Qe2 0-0 8. 0-0 a6 9. Be3 Nd4 10. Bxd4 Bxd4 11. Nxd4 exd4 12. Nd1 Re8 13. Qf3 c6 14. c3 d5 15. exd5 cxd5 16. Bb3 dxc3 17. Nxc3 Be6 18. Ne2 b5 19. Ng3 d4 20. Bxe6 Rxe6 21. Nf5 Kh7 22. Ng3 Rc8 23. Rac1 Kg8 24. a3 Re8 25. Qb7 Qd6 26. Rxc8 Rxc8 27. Qxc8+ Kh7 28. Qc2 a5 29. Rc1 b4 30. Qc5 Qxc5 31. Rxc5 bxa3 32. bxa3 a4 33. Ne2 Nd7 34. Ra5 Nf6 35. Nxd4 Nd5 1-0

[Event "ROM-ch U12 Girls"]
[Site "Calimanesti"]
[Date "2013.04.05"]
[Round "5"]
[White "Mihailescu, Anna"]
[Black "Hamati, Julia"]
[Result "0-1"]
[WhiteElo "1124"]
[BlackElo "1166"]
[PlyCount "104"]
[EventDate "2013.04.02"]
[EventType "swiss"]
[EventRounds "9"]
[EventCountry "ROU"]
[SourceTitle "CBM 153 Extra"]
[Source "ChessBase"]
[SourceDate "2013.04.22"]
[SourceVersion "1"]
[SourceVersionDate "2013.04.22"]
[SourceQuality "1"]

1. e4 e5 2. Nf3 Nc6 3. Bc4 Bc5 4. Nc3 Nf6 5. d3 h6 6. Be3 Bb6 7. h3 d6 8. Qe2 Be6 9. Bb3 Nd4 10. Bxd4 Bxd4 11. Nxd4 exd4 12. Nd1 0-0 13. c3 dxc3 14. Nxc3 Bxb3 15. axb3 Re8 16. 0-0 Qd7 17. Qd2 d5 18. Nxd5 Nxd5 19. exd5 Qxd5 20. Qc3 Qe5 21. Rfe1 Qxc3 22. Rxe8+ Rxe8 23. bxc3 a6 24. Kf1 Kf8 25. d4 Re6 26. Ra2 Ke7 27. g3 Kd6 28. Ra5 Kd7 29. Rd5+ Rd6 30. Rxd6+ Kxd6 31. Ke2 c5 32. Kd3 cxd4 33. Kxd4 Kc6 34. Kc4 a5 35. b4 axb4 36. cxb4 b5+ 37. Kd4 Kd6 38. f4 f5 39. g4 fxg4 40. hxg4 g6 41. Ke4 Ke6 42. f5+ gxf5+ 43. gxf5+ Kf6 44. Kf4 h5 45. Kg3 Kxf5 46. Kh4 Ke4 47. Kxh5 Kd4 48. Kg4 Kc4 49. Kf3 Kxb4 50. Ke3 Kc3 51. Ke2 Kc2 52. Ke3 b4 0-1